[Event "Krakow op-A 28th"]
[Site "Krakow"]
[Date "2018.01.03"]
[Round "8"]
[White "Krasnokutskaya, Sofiya"]
[Black "Dietmayer Kraeutler, Marco"]
[Result "1/2-1/2"]
[WhiteElo "2255"]
[BlackElo "2328"]
[PlyCount "94"]
[EventDate "2017.12.27"]
[EventType "swiss"]
[EventRounds "9"]
[EventCountry "POL"]
[SourceTitle "CBM 182 Extra"]
[Source "ChessBase"]
[SourceDate "2018.02.23"]
[SourceVersion "1"]
[SourceVersionDate "2018.02.23"]
[SourceQuality "1"]

1. e4 e5 2. Nf3 Nc6 3. Bb5 a6 4. Ba4 Nf6 5. 0-0 Be7 6. Re1 b5 7. Bb3 d6 8. c3 0-0 9. h3 Na5 10. Bc2 c5 11. d4 Nc6 12. d5 Nb8 13. a4 Bb7 14. Nbd2 c4 15. Nf1 Nbd7 16. Ng3 Re8 17. Nf5 Bf8 18. g4 Nc5 19. Bg5 h6 20. Bh4 g6 21. Ng3 Be7 22. Bxf6 Bxf6 23. Qd2 Kg7 24. Kg2 Bg5 25. Nxg5 hxg5 26. axb5 axb5 27. Rxa8 Bxa8 28. Ra1 Bb7 29. Ne2 Rh8 30. Ng3 Bc8 31. Qe3 Bd7 32. Nf1 Qf6 33. Nd2 Qf4 34. Qxf4 gxf4 35. Ra7 Rb8 36. Kf3 Kf6 37. b4 cxb3 38. Nxb3 Rb7 39. Rxb7 Nxb7 40. h4 Ke7 41. Bd1 f6 42. Be2 Kf7 43. Kg2 Nc5 44. Nd2 Na4 45. Nb1 Nc5 46. Nd2 Na4 47. Nb1 Nc5 1/2-1/2

[Event "Krakow op-A 28th"]
[Site "Krakow"]
[Date "2017.12.30"]
[Round "4"]
[White "Krasnokutskaya, Sofiya"]
[Black "Daniel, Damian"]
[Result "1/2-1/2"]
[WhiteElo "2255"]
[BlackElo "2102"]
[PlyCount "92"]
[EventDate "2017.12.27"]
[EventType "swiss"]
[EventRounds "9"]
[EventCountry "POL"]
[SourceTitle "CBM 182 Extra"]
[Source "ChessBase"]
[SourceDate "2018.02.23"]
[SourceVersion "1"]
[SourceVersionDate "2018.02.23"]
[SourceQuality "1"]

1. e4 c6 2. d4 d5 3. exd5 cxd5 4. c4 Nf6 5. Nc3 e6 6. Nf3 Be7 7. cxd5 Nxd5 8. Bd3 Nc6 9. 0-0 a6 10. Re1 Nxc3 11. bxc3 b5 12. Bc2 Bb7 13. Qd3 Na5 14. Bf4 Nc4 15. a4 Bd5 16. axb5 axb5 17. Ne5 f6 18. Nxc4 bxc4 19. Qh3 f5 20. Qh5+ g6 21. Qh6 Bf8 22. Qh3 Bg7 23. Ba4+ Kf7 24. Qe3 Qe7 25. Be5 Bxe5 26. Qxe5 Qf6 27. Qf4 g5 28. Qd2 h6 29. Bc2 Rxa1 30. Rxa1 Ra8 31. Rxa8 Bxa8 32. Qe2 Bd5 33. h3 Qd8 34. Qh5+ Kg7 35. Ba4 Qe7 36. Be8 Kf8 37. Bb5 Kg7 38. Qe2 Qc7 39. Be8 Kf8 40. Bb5 Kg7 41. Be8 Kf8 42. Ba4 Kg7 43. Bb5 Qf4 44. Bxc4 Qc1+ 45. Kh2 Qf4+ 46. Kg1 Qc1+ 1/2-1/2

[Event "Krakow op-A 28th"]
[Site "Krakow"]
[Date "2017.12.28"]
[Round "2"]
[White "Krasnokutskaya, Sofiya"]
[Black "Fus, Jakub"]
[Result "1/2-1/2"]
[WhiteElo "2255"]
[BlackElo "2051"]
[PlyCount "118"]
[EventDate "2017.12.27"]
[EventType "swiss"]
[EventRounds "9"]
[EventCountry "POL"]
[SourceTitle "CBM 182 Extra"]
[Source "ChessBase"]
[SourceDate "2018.02.23"]
[SourceVersion "1"]
[SourceVersionDate "2018.02.23"]
[SourceQuality "1"]

1. e4 e5 2. Nf3 Nc6 3. Bb5 a6 4. Ba4 Nf6 5. 0-0 Be7 6. Re1 b5 7. Bb3 0-0 8. d3 d6 9. c3 Nb8 10. Nbd2 c5 11. Nf1 h6 12. Ng3 Nc6 13. h3 Re8 14. d4 Bf8 15. Be3 Bb7 16. Bc2 Qc7 17. d5 Na5 18. Nf5 Kh7 19. Nh2 g6 20. Ng3 Nc4 21. Bc1 Bc8 22. Rf1 Bg7 23. a4 bxa4 24. Bxa4 Rf8 25. Qe2 Nb6 26. Bc6 Bb7 27. Bxb7 Qxb7 28. f4 Nbd7 29. Nf3 Qb5 30. Qf2 Qc4 31. Re1 Rab8 32. fxe5 dxe5 33. Nd2 Qb5 34. Qf1 Ra8 35. Nc4 a5 36. Be3 Kg8 37. Qd3 Rfb8 38. Qe2 Ne8 39. Nf1 Ra6 40. Nfd2 a4 41. Ra2 Rba8 42. Qg4 Nef6 43. Qf3 Ne8 44. Rf1 Rf6 45. Qd1 Raa6 46. Rxf6 Nexf6 47. Qf1 Nh5 48. Qa1 Nb8 49. Qe1 Nd7 50. Qf1 Nhf6 51. Na3 Qb7 52. Qd3 Bf8 53. Nac4 Ne8 54. Nf3 Bg7 55. Ncd2 Bf8 56. Qb1 Qb5 57. Qa1 Nc7 58. Qd1 Ne8 59. Qf1 Nc7 1/2-1/2

[Event "Krakow op-A 28th"]
[Site "Krakow"]
[Date "2017.12.27"]
[Round "1"]
[White "Efremov, Vladislav"]
[Black "Krasnokutskaya, Sofiya"]
[Result "1/2-1/2"]
[WhiteElo "1995"]
[BlackElo "2255"]
[PlyCount "107"]
[EventDate "2017.12.27"]
[EventType "swiss"]
[EventRounds "9"]
[EventCountry "POL"]
[SourceTitle "CBM 182 Extra"]
[Source "ChessBase"]
[SourceDate "2018.02.23"]
[SourceVersion "1"]
[SourceVersionDate "2018.02.23"]
[SourceQuality "1"]

1. d4 Nf6 2. c4 e6 3. Nf3 b6 4. g3 Bb7 5. Bg2 Be7 6. 0-0 0-0 7. Nc3 Ne4 8. Qc2 Nxc3 9. Qxc3 f5 10. b3 Bf6 11. Bb2 d6 12. Qd2 Nd7 13. Ne1 Bxg2 14. Nxg2 e5 15. dxe5 Bxe5 16. Bxe5 Nxe5 17. Nf4 Qd7 18. Qd5+ Kh8 19. Qe6 Rfe8 20. Qxd7 Nxd7 21. e3 a5 22. Nd5 Ra7 23. Nc3 Ne5 24. Rac1 Kg8 25. Rfd1 Re7 26. Kg2 Ra8 27. h4 Kf7 28. Rd4 g6 29. Rh1 h5 30. a4 Rc8 31. Rhd1 Nd7 32. Kf3 Nc5 33. Rb1 Rce8 34. Nd5 Rd7 35. Nc3 Kg7 36. Rb2 Rf7 37. Kg2 Re5 38. Nd5 Ne4 39. Rc2 Rd7 40. Rb2 Re8 41. Nf4 Kf7 42. Re2 Nc5 43. Rb2 Ne4 44. Rc2 Rb8 45. Rc1 c6 46. Rcd1 Rbd8 47. Rb1 Rc8 48. Rh1 Ke7 49. Rhd1 Rdd8 50. Rh1 Nc5 51. Rb1 Rd7 52. Rb2 Kf6 53. Rb1 Rcd8 54. Rd2 1/2-1/2

[Event "Wch U18 Girls"]
[Site "Montevideo"]
[Date "2017.09.26"]
[Round "11"]
[White "Krasnokutskaya, Sofiya"]
[Black "Vazquez Maccarini, Danitza"]
[Result "0-1"]
[WhiteElo "2175"]
[BlackElo "2173"]
[PlyCount "66"]
[EventDate "2017.09.17"]
[EventType "swiss"]
[EventRounds "11"]
[EventCountry "URU"]
[SourceTitle "EXT 2018"]
[Source "ChessBase"]
[SourceDate "2017.10.13"]
[SourceVersion "1"]
[SourceVersionDate "2017.10.13"]
[SourceQuality "1"]

1. Nf3 Nf6 2. c4 e6 3. g3 a6 4. Bg2 b5 5. Nd4 Ra7 6. cxb5 e5 7. Nb3 axb5 8. d4 e4 9. Nc3 Bb4 10. 0-0 Bxc3 11. bxc3 d5 12. f3 h6 13. fxe4 Nxe4 14. Qd3 0-0 15. Nd2 Nxd2 16. Bxd2 c6 17. Bf4 Nd7 18. Bd6 Re8 19. Rf4 Nf6 20. Bc5 Ra4 21. a3 Bg4 22. e4 dxe4 23. Bxe4 Rxe4 24. Rxf6 Qe8 25. Rf4 Re3 26. Qf1 Be2 27. Qc1 Bc4 28. d5 Re2 29. d6 Bd5 30. Bf2 Rae4 31. d7 Qxd7 32. Rxe4 Bxe4 33. Qf1 Qg4 0-1

[Event "Wch U18 Girls"]
[Site "Montevideo"]
[Date "2017.09.24"]
[Round "9"]
[White "Injac, Teodora"]
[Black "Krasnokutskaya, Sofiya"]
[Result "0-1"]
[WhiteElo "2277"]
[BlackElo "2175"]
[PlyCount "76"]
[EventDate "2017.09.17"]
[EventType "swiss"]
[EventRounds "11"]
[EventCountry "URU"]
[SourceTitle "CBM 180 Extra"]
[Source "ChessBase"]
[SourceDate "2017.10.06"]
[SourceVersion "1"]
[SourceVersionDate "2017.10.06"]
[SourceQuality "1"]

1. Nf3 Nf6 2. c4 b6 3. g3 Bb7 4. Bg2 e6 5. 0-0 Be7 6. b3 0-0 7. Bb2 d5 8. e3 c5 9. Nc3 dxc4 10. bxc4 Nc6 11. Qe2 a6 12. Ne1 Qc7 13. Rd1 Rad8 14. f4 Na7 15. a4 Nc6 16. g4 Nb4 17. d3 Nd7 18. g5 e5 19. Ne4 exf4 20. Rxf4 f5 21. Qh5 g6 22. Qh6 Rf7 23. Rh4 Nf8 24. Nf6+ Bxf6 25. Bxf6 Rdd7 26. Bh3 Qc6 27. e4 fxe4 28. Bxd7 Qxd7 29. Rf4 exd3 30. Rd2 Qxa4 31. Qh3 Qc6 32. Nxd3 Rd7 33. Kf2 Qd6 34. Be5 Nxd3+ 35. Rxd3 Qxd3 36. Qxd3 Rxd3 37. Rf6 Nd7 38. Re6 Kf7 0-1

[Event "Wch U18 Girls"]
[Site "Montevideo"]
[Date "2017.09.23"]
[Round "8"]
[White "Krasnokutskaya, Sofiya"]
[Black "Chitlange, Sakshi"]
[Result "1-0"]
[WhiteElo "2175"]
[BlackElo "2134"]
[PlyCount "97"]
[EventDate "2017.09.17"]
[EventType "swiss"]
[EventRounds "11"]
[EventCountry "URU"]
[SourceTitle "CBM 180 Extra"]
[Source "ChessBase"]
[SourceDate "2017.10.06"]
[SourceVersion "1"]
[SourceVersionDate "2017.10.06"]
[SourceQuality "1"]

1. e4 e6 2. d4 d5 3. Nc3 Nf6 4. e5 Nfd7 5. f4 c5 6. Nf3 Nc6 7. Be3 a6 8. Qd2 b5 9. a3 Qb6 10. dxc5 Bxc5 11. Bxc5 Nxc5 12. Qf2 Rb8 13. Be2 b4 14. axb4 Nxb4 15. Rc1 Bd7 16. Nd4 Nc6 17. 0-0 0-0 18. Rcd1 f6 19. exf6 Rxf6 20. b3 Ne7 21. Qe3 Rbf8 22. g3 Be8 23. Bg4 Bd7 24. Rfe1 g6 25. Kh1 a5 26. Ra1 Nc8 27. Nf3 Qb4 28. Qd4 Nd6 29. Qxb4 axb4 30. Ne2 Nce4 31. Kg1 Rc8 32. Ne5 Be8 33. Nd4 Nf5 34. Bxf5 exf5 35. Ra5 Rd6 36. Rea1 Nc5 37. Ra8 Rdd8 38. R8a7 Rd6 39. Re7 Ra6 40. Rxa6 Nxa6 41. Nd3 Rb8 42. Ra7 Rb6 43. Ne5 Nc5 44. Ra8 Kf8 45. Rc8 Ne6 46. Nd7+ Ke7 47. Nxb6 Nxd4 48. Nxd5+ Kd6 49. Nxb4 1-0

[Event "EU-chT U18 Girls"]
[Site "Rymanow Zdroj"]
[Date "2017.08.20"]
[Round "4.1"]
[White "Krasnokutskaya, Sofiya"]
[Black "Urh, Zala"]
[Result "1-0"]
[WhiteElo "2182"]
[BlackElo "2100"]
[PlyCount "119"]
[EventDate "2017.08.17"]
[EventType "team-swiss"]
[EventRounds "7"]
[EventCountry "POL"]
[SourceTitle "CBM 180 Extra"]
[Source "ChessBase"]
[SourceDate "2017.10.06"]
[SourceVersion "1"]
[SourceVersionDate "2017.10.06"]
[SourceQuality "1"]
[WhiteTeam "Ukraine U18 Girls"]
[BlackTeam "Slovenia U18 Girls II"]
[WhiteTeamCountry "UKR"]
[BlackTeamCountry "SLO"]

1. e4 e5 2. Nf3 Nc6 3. Bb5 Nf6 4. d3 Bc5 5. 0-0 0-0 6. Bxc6 bxc6 7. Nxe5 d5 8. Nc3 Qe8 9. Nf3 dxe4 10. Re1 Bf5 11. Bg5 Qe6 12. Bxf6 Qxf6 13. dxe4 Rfd8 14. Qe2 Bg4 15. Rad1 h6 16. e5 Qg6 17. Ne4 Bb4 18. c3 Be7 19. Ng3 h5 20. Qe4 Qxe4 21. Nxe4 c5 22. h3 Be6 23. b3 a5 24. c4 a4 25. Nc3 axb3 26. axb3 c6 27. Rxd8+ Rxd8 28. Rd1 Rb8 29. Nd2 f6 30. exf6 Bxf6 31. Nce4 Be7 32. Ra1 Bf5 33. Ra7 Bf8 34. Ng3 Bg6 35. Rc7 h4 36. Ngf1 Bc2 37. Rxc6 Bxb3 38. Ne3 Ba4 39. Ra6 Bd7 40. Kf1 Bc8 41. Rc6 Bb7 42. Rg6 Be7 43. Rg4 Bf6 44. Ne4 Bxe4 45. Rxe4 Kf7 46. Nd5 g5 47. f4 Rb1+ 48. Ke2 Rb2+ 49. Kf3 Rb3+ 50. Re3 Rxe3+ 51. Kxe3 gxf4+ 52. Kxf4 Bd4 53. Kf5 Bf2 54. Nf4 Ke7 55. Ke5 Kf7 56. Nd3 Be3 57. Kd5 Kf6 58. Nxc5 Kf5 59. Ne6 Bf2 60. c5 1-0

[Event "EU-chT U18 Girls"]
[Site "Rymanow Zdroj"]
[Date "2017.08.18"]
[Round "2.3"]
[White "Kanakova, Natalie"]
[Black "Krasnokutskaya, Sofiya"]
[Result "0-1"]
[WhiteElo "2176"]
[BlackElo "2182"]
[PlyCount "72"]
[EventDate "2017.08.17"]
[EventType "team-swiss"]
[EventRounds "7"]
[EventCountry "POL"]
[SourceTitle "CBM 180 Extra"]
[Source "ChessBase"]
[SourceDate "2017.10.06"]
[SourceVersion "1"]
[SourceVersionDate "2017.10.06"]
[SourceQuality "1"]
[WhiteTeam "Czech Republic U18 Girls"]
[BlackTeam "Ukraine U18 Girls"]
[WhiteTeamCountry "CZE"]
[BlackTeamCountry "UKR"]

1. e4 c5 2. Nf3 e6 3. d4 cxd4 4. Nxd4 Nc6 5. Nc3 Qc7 6. Be3 a6 7. Be2 Nf6 8. a3 Be7 9. f4 0-0 10. e5 Nd5 11. Nxd5 exd5 12. Nf5 d6 13. exd6 Bxd6 14. Nxd6 Qxd6 15. 0-0 Bf5 16. Bd3 Qg6 17. Bxf5 Qxf5 18. Rf3 Rfe8 19. c3 Re6 20. Qd2 Na5 21. Qf2 Rae8 22. Bd4 Nb3 23. Qg3 g6 24. Rd1 Nxd4 25. cxd4 Qc2 26. Rff1 Qxb2 27. f5 Rf6 28. Qh4 Re2 29. Rb1 Qd2 30. Rxb7 Qe3+ 31. Kh1 Rxf5 32. Rg1 Rxg2 33. Rb8+ Kg7 34. Re1 Rxh2+ 35. Qxh2 Qxe1+ 36. Kg2 Rf2+ 0-1

[Event "Wch U18 Girls"]
[Site "Khanty-Mansiysk"]
[Date "2016.09.28"]
[Round "6"]
[White "Mahalakshmi, Muganda Kumar"]
[Black "Krasnokutskaya, Sofiya"]
[Result "1/2-1/2"]
[WhiteElo "2221"]
[BlackElo "2086"]
[PlyCount "46"]
[EventDate "2016.09.22"]
[EventType "swiss"]
[EventRounds "11"]
[EventCountry "RUS"]
[SourceTitle "EXT 2017"]
[Source "ChessBase"]
[SourceDate "2016.10.25"]
[SourceVersion "1"]
[SourceVersionDate "2016.10.25"]
[SourceQuality "1"]

1. Nf3 Nf6 2. g3 b6 3. Bg2 Bb7 4. 0-0 e6 5. d4 Be7 6. c4 0-0 7. Nc3 Ne4 8. d5 Nxc3 9. bxc3 d6 10. Nd4 e5 11. Nf5 Bf6 12. e4 Nd7 13. h4 Nc5 14. Be3 Bc8 15. Rc1 Kh8 16. f4 exf4 17. Bxf4 Bxf5 18. exf5 Qd7 19. Bh3 Ne4 20. Qf3 Rae8 21. h5 h6 22. Qd3 Qa4 23. Bg2 Nc5 1/2-1/2

[Event "World ol U16"]
[Site "Poprad"]
[Date "2016.07.28"]
[Round "8.4"]
[White "Krasnokutskaya, Sofiya"]
[Black "Sieber, Fiona"]
[Result "1/2-1/2"]
[WhiteElo "2138"]
[BlackElo "2177"]
[PlyCount "73"]
[EventDate "2016.07.22"]
[EventType "team-swiss"]
[EventRounds "9"]
[EventCountry "SVK"]
[SourceTitle "EXT 2017"]
[Source "ChessBase"]
[SourceDate "2016.10.25"]
[SourceVersion "1"]
[SourceVersionDate "2016.10.25"]
[SourceQuality "1"]
[WhiteTeam "Ukraine"]
[BlackTeam "Germany"]
[WhiteTeamCountry "UKR"]
[BlackTeamCountry "GER"]

1. e4 c5 2. Nf3 d6 3. d4 cxd4 4. Nxd4 Nf6 5. Nc3 Bd7 6. Bg5 e6 7. Qd2 h6 8. Bxf6 Qxf6 9. Ndb5 Bxb5 10. Bxb5+ Nc6 11. 0-0 a6 12. Be2 Be7 13. Rad1 Qg5 14. f4 Qc5+ 15. Kh1 0-0 16. Bf3 Rfd8 17. Ne2 Rac8 18. c3 Qb6 19. Nd4 Nxd4 20. cxd4 d5 21. e5 Rc4 22. Be2 Bb4 23. Qe3 Rc2 24. f5 exf5 25. Bd3 Rxb2 26. Bxf5 Qb5 27. e6 Qe2 28. exf7+ Kf8 29. Qg3 Bd6 30. Qg6 Be7 31. Bh3 Qc2 32. Bf5 Qe2 33. Rde1 Qd2 34. Bh3 Qc2 35. Bf5 Qd2 36. Rd1 Qe2 37. Rde1 1/2-1/2

[Event "World ol U16"]
[Site "Poprad"]
[Date "2016.07.27"]
[Round "6.4"]
[White "Krasnokutskaya, Sofiya"]
[Black "Tomcikova, Dominika"]
[Result "1-0"]
[WhiteElo "2138"]
[BlackElo "1877"]
[PlyCount "91"]
[EventDate "2016.07.22"]
[EventType "team-swiss"]
[EventRounds "9"]
[EventCountry "SVK"]
[SourceTitle "EXT 2017"]
[Source "ChessBase"]
[SourceDate "2016.10.25"]
[SourceVersion "1"]
[SourceVersionDate "2016.10.25"]
[SourceQuality "1"]
[WhiteTeam "Ukraine"]
[BlackTeam "Slovakia II"]
[WhiteTeamCountry "UKR"]
[BlackTeamCountry "SVK"]

1. e4 c6 2. d4 d5 3. exd5 cxd5 4. c4 Nf6 5. Nc3 g6 6. Qb3 Bg7 7. cxd5 0-0 8. Be2 Nbd7 9. Bf3 Nb6 10. Nge2 Bg4 11. Bxg4 Nxg4 12. a4 Nf6 13. a5 Nbxd5 14. Qxb7 e6 15. 0-0 Qc7 16. Qxc7 Nxc7 17. Bf4 Nfd5 18. Bg3 Rfd8 19. Rab1 Rac8 20. Rfd1 Nb4 21. Rbc1 Nc6 22. Bh4 Rd7 23. Ne4 Nd5 24. Rc4 Nce7 25. Rxc8+ Nxc8 26. Rc1 Nce7 27. Kf1 Nf5 28. Rc8+ Bf8 29. Nf6+ Nxf6 30. Bxf6 Nd6 31. Rb8 Ne4 32. Be5 f6 33. Bf4 Kf7 34. a6 Bd6 35. Bxd6 Nxd6 36. Nc3 h5 37. Ke2 Ke7 38. Kd3 e5 39. d5 e4+ 40. Nxe4 Nf5 41. Rb7 Nd6 42. Rxd7+ Kxd7 43. Nxd6 Kxd6 44. Kd4 g5 45. g3 f5 46. f4 1-0

[Event "World ol U16"]
[Site "Poprad"]
[Date "2016.07.22"]
[Round "1.4"]
[White "Liu, Suhui"]
[Black "Krasnokutskaya, Sofiya"]
[Result "0-1"]
[WhiteElo "1594"]
[BlackElo "2138"]
[PlyCount "62"]
[EventDate "2016.07.22"]
[EventType "team-swiss"]
[EventRounds "9"]
[EventCountry "SVK"]
[SourceTitle "EXT 2017"]
[Source "ChessBase"]
[SourceDate "2016.10.25"]
[SourceVersion "1"]
[SourceVersionDate "2016.10.25"]
[SourceQuality "1"]
[WhiteTeam "China II"]
[BlackTeam "Ukraine"]
[WhiteTeamCountry "CHN"]
[BlackTeamCountry "UKR"]

1. e4 e5 2. Nf3 Nc6 3. Bb5 a6 4. Ba4 Nf6 5. 0-0 Be7 6. Re1 b5 7. Bb3 0-0 8. c3 d6 9. h3 Na5 10. Bc2 c5 11. d4 Nd7 12. Nbd2 exd4 13. cxd4 Nc6 14. Nf1 cxd4 15. Nxd4 Nxd4 16. Qxd4 Ne5 17. Ne3 Bxh3 18. f4 Nc6 19. Qc3 Bd7 20. Nd5 Rc8 21. Qd3 Nd4 22. Bb1 Bh4 23. g3 Bxg3 24. Qxg3 Rxc1 25. Bd3 Rxa1 26. Rxa1 Bc6 27. Kf2 Bxd5 28. Rg1 Nf5 29. Qh3 Qb6+ 30. Ke2 Qxg1 31. Qxf5 Be6 0-1

[Event "EU-ch U14 Girls 24th"]
[Site "Batumi"]
[Date "2014.10.22"]
[Round "4"]
[White "Krasnokutskaya, Sofiya"]
[Black "Sieber, Fiona"]
[Result "0-1"]
[WhiteElo "1851"]
[BlackElo "1955"]
[PlyCount "34"]
[EventDate "2014.10.19"]
[EventType "swiss"]
[EventRounds "9"]
[EventCountry "GEO"]
[SourceTitle "EXT 2016"]
[Source "ChessBase"]
[SourceDate "2015.10.08"]
[SourceVersion "1"]
[SourceVersionDate "2015.10.08"]
[SourceQuality "1"]

1. e4 c5 2. b3 g6 3. Bb2 Nf6 4. e5 Nd5 5. Nf3 Bg7 6. c4 Nb4 7. Nc3 0-0 8. g3 d6 9. a3 N4c6 10. exd6 Bg4 11. Be2 exd6 12. 0-0 Re8 13. Re1 Rxe2 14. Qxe2 Ne5 15. h3 Nxf3+ 16. Kh1 Nxe1 17. hxg4 Nc2 0-1

[Event "EU-ch U14 Girls 24th"]
[Site "Batumi"]
[Date "2014.10.21"]
[Round "3"]
[White "Krasnokutskaya, Sofiya"]
[Black "Janiashvili, Mariam"]
[Result "1-0"]
[WhiteElo "1851"]
[BlackElo "1679"]
[PlyCount "59"]
[EventDate "2014.10.19"]
[EventType "swiss"]
[EventRounds "9"]
[EventCountry "GEO"]
[SourceTitle "EXT 2016"]
[Source "ChessBase"]
[SourceDate "2015.10.08"]
[SourceVersion "1"]
[SourceVersionDate "2015.10.08"]
[SourceQuality "1"]

1. e4 c5 2. Nf3 e6 3. d4 cxd4 4. Nxd4 a6 5. Nc3 Qc7 6. Bd3 Nf6 7. 0-0 Bc5 8. Nb3 Be7 9. f4 d6 10. Be3 Nc6 11. Kh1 Bd7 12. a4 h6 13. a5 Rc8 14. Be2 Bd8 15. Bf3 Qb8 16. Qd2 Bc7 17. Rfd1 Ke7 18. e5 dxe5 19. Bc5+ Ke8 20. Ne4 Rd8 21. Nd6+ Bxd6 22. Bxd6 Qc8 23. fxe5 Nh7 24. Nc5 Ng5 25. Qf4 Nxf3 26. Qxf3 Ne7 27. Bxe7 Kxe7 28. Nxb7 f6 29. Qa3+ Kf7 30. Nd6+ 1-0

[Event "Wch U12 Girls"]
[Site "Al Ain"]
[Date "2013.12.26"]
[Round "9"]
[White "Krasnokutskaya, Sofiya"]
[Black "Grigoryan, Arpine"]
[Result "1-0"]
[WhiteElo "1813"]
[BlackElo "1718"]
[PlyCount "71"]
[EventDate "2013.12.18"]
[EventType "swiss"]
[EventRounds "11"]
[EventCountry "UAE"]
[SourceTitle "CBM 158 Extra"]
[Source "ChessBase"]
[SourceDate "2014.02.28"]
[SourceVersion "1"]
[SourceVersionDate "2014.02.28"]
[SourceQuality "1"]

1. e4 c6 2. d4 d5 3. exd5 cxd5 4. c4 Nf6 5. Nc3 Nc6 6. Nf3 Bg4 7. Be3 e6 8. Be2 Be7 9. c5 0-0 10. 0-0 Nd7 11. a3 f5 12. h3 Bxf3 13. Bxf3 Nf6 14. b4 Ne4 15. Bxe4 fxe4 16. Ne2 Bg5 17. Qd2 Bxe3 18. fxe3 Qd7 19. b5 Ne7 20. a4 Nf5 21. Rab1 b6 22. c6 Qe7 23. Nf4 Rfe8 24. Nxd5 exd5 25. Rxf5 Qd6 26. Qa2 Rad8 27. Rc1 Re7 28. Rcf1 g6 29. Rf6 Re6 30. Qf2 Rxf6 31. Qxf6 Qxf6 32. Rxf6 Kg7 33. Rd6 Rxd6 34. c7 Rf6 35. c8Q Rf7 36. Qe6 1-0

[Event "Wch U12 Girls"]
[Site "Al Ain"]
[Date "2013.12.22"]
[Round "6"]
[White "Nazarova, Anastasia"]
[Black "Krasnokutskaya, Sofiya"]
[Result "1/2-1/2"]
[WhiteElo "1760"]
[BlackElo "1813"]
[PlyCount "66"]
[EventDate "2013.12.18"]
[EventType "swiss"]
[EventRounds "11"]
[EventCountry "UAE"]
[SourceTitle "CBM 158 Extra"]
[Source "ChessBase"]
[SourceDate "2014.02.28"]
[SourceVersion "1"]
[SourceVersionDate "2014.02.28"]
[SourceQuality "1"]

1. e4 e5 2. Nf3 Nc6 3. Nc3 Nf6 4. g3 Be7 5. Bg2 d6 6. 0-0 Be6 7. h3 Qd7 8. Ng5 0-0-0 9. Nxe6 fxe6 10. d3 Rdf8 11. a3 Nd4 12. Be3 h6 13. Ne2 Nxe2+ 14. Qxe2 Kb8 15. Rfd1 Qc8 16. b4 Nd7 17. a4 Bg5 18. c4 Bxe3 19. Qxe3 c5 20. b5 g5 21. a5 Rf7 22. Rd2 Rhf8 23. Rb2 Qd8 24. b6 a6 25. Rf1 Ka8 26. Qe2 Nb8 27. Qg4 Rf6 28. h4 gxh4 29. Qxh4 Nc6 30. Ra1 Nd4 31. Qg4 Rg8 32. Qh4 Rgf8 33. Qg4 Rg8 1/2-1/2

[Event "Wch U12 Girls"]
[Site "Al Ain"]
[Date "2013.12.21"]
[Round "4"]
[White "Kovacs, Judit"]
[Black "Krasnokutskaya, Sofiya"]
[Result "0-1"]
[WhiteElo "1676"]
[BlackElo "1813"]
[PlyCount "80"]
[EventDate "2013.12.18"]
[EventType "swiss"]
[EventRounds "11"]
[EventCountry "UAE"]
[SourceTitle "CBM 158 Extra"]
[Source "ChessBase"]
[SourceDate "2014.02.28"]
[SourceVersion "1"]
[SourceVersionDate "2014.02.28"]
[SourceQuality "1"]

1. Nf3 g6 2. g3 Bg7 3. Bg2 c5 4. d3 Nc6 5. Nbd2 e6 6. c4 Nge7 7. 0-0 d5 8. a3 0-0 9. Rb1 Qd6 10. Ne1 a6 11. Nc2 b5 12. b4 Bb7 13. Bb2 Bxb2 14. Rxb2 dxc4 15. dxc4 Rfd8 16. Ne3 Rab8 17. Qc1 Nd4 18. Ne4 Bxe4 19. Bxe4 Qe5 20. Ng4 Qg7 21. Bg2 bxc4 22. Kh1 cxb4 23. Qxc4 bxa3 24. Rxb8 Rxb8 25. Qc7 Re8 26. Qd7 Kf8 27. Ra1 Nc2 28. Ra2 h5 29. Ne3 Nxe3 30. fxe3 Qc3 31. Bf3 Qb3 32. Ra1 a2 33. Qd4 Qb1+ 34. Kg2 a5 35. Qh8+ Ng8 36. Qd4 Rc8 37. Be4 Qb3 38. Qd2 Nf6 39. Bd3 Qd5+ 40. Kg1 Ng4 0-1

[Event "Wch U12 Girls"]
[Site "Al Ain"]
[Date "2013.12.21"]
[Round "5"]
[White "Krasnokutskaya, Sofiya"]
[Black "Joanna, Liu"]
[Result "1/2-1/2"]
[WhiteElo "1813"]
[BlackElo "1758"]
[PlyCount "54"]
[EventDate "2013.12.18"]
[EventType "swiss"]
[EventRounds "11"]
[EventCountry "UAE"]
[SourceTitle "CBM 158 Extra"]
[Source "ChessBase"]
[SourceDate "2014.02.28"]
[SourceVersion "1"]
[SourceVersionDate "2014.02.28"]
[SourceQuality "1"]

1. f4 Nf6 2. Nf3 g6 3. g3 Bg7 4. Bg2 0-0 5. 0-0 d6 6. d3 c5 7. Nc3 Nc6 8. e4 a6 9. h3 Nd7 10. g4 e6 11. f5 exf5 12. gxf5 Nde5 13. Be3 f6 14. fxg6 Nxg6 15. Qd2 Nce5 16. Nd5 Be6 17. Nxe5 Nxe5 18. Nf4 Bf7 19. Qe2 Ng6 20. Nh5 Be6 21. Nxg7 Kxg7 22. Qh5 Kh8 23. Rf2 Rf7 24. Raf1 Qe7 25. Kh1 Rg8 26. Bd2 Ne5 27. Qh4 Qd8 1/2-1/2